=LDR 00000nam 2200000 4500 =001 INLIS000000000015918 =005 20200819092208 =035 ##$$a 0010-061300000015918 =008 200819################g##########0#ind## =041 ##$$a Ind =082 ##$$a 2x9.13 =090 ##$$a 2x9.13, Sub a =100 1#$$a Subaiti, Musa =245 1#$$a Akhlak keluarga Muhammad SAW /$c Dr. Musa Subaiti ; penerjemah Afif Muhammad =260 ##$$a Jakarta :$b Lentera,$c 1996 =300 ##$$a 175 hlm., ; $c 14 x 21 cm =650 #4$$a Islam - keluarga Nabi =700 #$$a Penerjemah Muhammad, Afif =850 ##$$a NBPNMAT =020 ##$$a 979-8880-09-9 =084 ##$$a 2x9.13 SUB a =250 ##$$a cet.2 =990 ##$$a DW00026668 =990 ##$$a 103.632/pro96 =990 ##$$a 138.816/pb98